000 01029nam a2200241Ia 4500
003 OSt
005 20220923220950.0
006 a|||||r|||| 00| 0
007 ta
008 220922b |||||||| |||| 00| 0 hin d
024 _a192,926
037 _cTextual
040 _aARTS
_cARTS
_bhin
041 _2hin
_ahin
082 _aV2:1:L5, 152J72(_)
100 _aशेख अब्दुर्रशीद
245 0 _aख्वाजा जियाउलमिल्लतवद्दीन जियाउद्दीनबर्नी* एक अघ्ययन, अनु मुहम्मद उमर
246 _aKhvājā jiyāulamillatavaddīn jiyāuddīnabarnī: ek aghyayana, anu0 muhammad umara
260 _c1957
490 _aमुस्लिम विश्वविद्यालय इतिहास विभाग प्रकाशन अलीगढ़; 14
942 _hV2:1:L5, 152J72(_)
_cTEXL
_2CC
999 _c345447
_d345447